[Event "XII Open"]
[Site "Crema ITA"]
[Date "2010.09.05"]
[Round "3"]
[White "Tagliaferri, Valerio"]
[Black "Stella, Luca"]
[Result "0-1"]
[WhiteElo "1884"]
[BlackElo "2042"]
[PlyCount "116"]
[EventDate "2010.09.03"]

1. d4 Nf6 2. c4 g6 3. Nc3 d5 4. cxd5 Nxd5 5. e4 Nxc3 6. bxc3 Bg7 7. Bc4 c5 8.
Ne2 Nc6 9. Be3 O-O 10. O-O Bg4 11. f3 Na5 12. Bb5 cxd4 13. cxd4 Bd7 14. Qa4
Bxb5 15. Qxb5 a6 16. Qb4 Nc6 17. Qd2 Qa5 18. Rab1 Qxd2 19. Bxd2 Nxd4 20. Kf2
Nxe2 21. Kxe2 b5 22. Bb4 Rfc8 23. Rfd1 Rc2+ 24. Rd2 Rxd2+ 25. Kxd2 Kf8 26. g3
Rc8 27. Kd3 Ke8 28. a3 Rc4 29. f4 Bd4 30. e5 Bb6 31. Bc3 Kd7 32. Bb4 h6 33. Bd2
h5 34. Be1 Bc5 35. Bb4 Kc6 36. Rb3 Kb6 37. Bd2 a5 38. Ke2 Re4+ 39. Kd3 Rd4+ 40.
Ke2 b4 41. Bc3 Re4+ 42. Kd2 Re3 43. axb4 axb4 44. Rxb4+ Bxb4 45. Bxb4 Rb3 46.
Bc3 Kc5 47. Kd3 e6 48. h3 Ra3 49. h4 Kd5 50. Kc2 Ke4 51. Bb4 Rxg3 52. Be7 Kxf4
53. Bf6 Kf5 54. Kd2 Rg4 55. Ke3 Re4+ 56. Kd3 Rxe5 57. Bg5 Re4 58. Bf6 Rg4 0-1

[Event "XII Open"]
[Site "Crema ITA"]
[Date "2010.09.05"]
[Round "3"]
[White "Tedoldi, Guido"]
[Black "Gemelli, Giovanni"]
[Result "1/2-1/2"]
[WhiteElo "1678"]
[BlackElo "1500"]
[PlyCount "64"]
[EventDate "2010.09.03"]

1. c4 e5 2. Nc3 Nf6 3. e4 Nc6 4. Nf3 d6 5. d3 Be7 6. Be2 O-O 7. O-O Bg4 8. Be3
a6 9. Nh4 Bxe2 10. Qxe2 Nxe4 11. Nf5 Nf6 12. Rad1 Re8 13. Nxe7+ Nxe7 14. Qd2 c5
15. Bg5 Nd7 16. Nd5 f6 17. Be3 Nxd5 18. cxd5 Kh8 19. Qe2 b5 20. b3 Qc8 21. Rc1
Qb7 22. Qf3 Nb6 23. b4 Qd7 24. bxc5 dxc5 25. Rxc5 Rac8 26. Rxc8 Nxc8 27. Rc1
Ne7 28. Rc5 Rd8 29. h3 Nxd5 30. Bd2 Ne7 31. Ba5 Rc8 32. Rxc8+ Qxc8 1/2-1/2

[Event "XII Open"]
[Site "Crema ITA"]
[Date "2010.09.05"]
[Round "3"]
[White "Vecchio, Paolo L."]
[Black "Marchesotti, Giovanni"]
[Result "1/2-1/2"]
[WhiteElo "1368"]
[BlackElo "1578"]
[PlyCount "56"]
[EventDate "2010.09.03"]

1. e4 c5 2. d4 e6 3. Nf3 cxd4 4. Nxd4 a6 5. Nc3 Qc7 6. a3 Nf6 7. Be2 d6 8. Qd3
g6 9. h4 h5 10. Be3 Nbd7 11. Qc4 Qxc4 12. Bxc4 Ne5 13. b3 Nxc4 14. bxc4 Bg7 15.
f3 Nd7 16. Na4 O-O 17. c3 b5 18. cxb5 axb5 19. Nb2 Ba6 20. Kf2 Rfc8 21. Rac1
Nc5 22. Rhd1 Na4 23. Nxa4 bxa4 24. Bg5 Bc4 25. Be7 d5 26. e5 Bxe5 27. Bg5 Bxd4+
28. Rxd4 Rab8 1/2-1/2

[Event "XII Open"]
[Site "Crema ITA"]
[Date "2010.09.05"]
[Round "3"]
[White "Vuckovic, Dimitrije"]
[Black "Scarabelli, Maurizio"]
[Result "0-1"]
[WhiteElo "1566"]
[BlackElo "1825"]
[PlyCount "106"]
[EventDate "2010.09.03"]

1. Nf3 d5 2. c4 Nf6 3. d4 e6 4. g3 Be7 5. Bg2 Nbd7 6. b3 c6 7. O-O O-O 8. Nc3
Re8 9. Bb2 Bd6 10. c5 Bc7 11. e3 e5 12. Nd2 Nf8 13. Ne2 Ng6 14. dxe5 Bxe5 15.
Bxe5 Nxe5 16. Nf3 Qe7 17. Qc2 Nxf3+ 18. Bxf3 Ng4 19. Bxg4 Bxg4 20. Nf4 g5 21.
Ng2 Bh3 22. Rac1 Qf6 23. Qe2 d4 24. Rfe1 Rad8 25. Rcd1 Bxg2 26. Kxg2 dxe3 27.
fxe3 Rxd1 28. Rxd1 Qe5 29. Rc1 Qxe3 30. Qxe3 Rxe3 31. Rc2 Kf8 32. Kf2 Re6 33.
Kf3 f5 34. Re2 Rxe2 35. Kxe2 Ke7 36. Ke3 Kf6 37. Kd4 h5 38. h3 Ke6 39. b4 a6
40. a3 Kf6 41. a4 Ke6 42. Kc4 f4 43. gxf4 gxf4 44. Kd3 Kf5 45. Ke2 Ke4 46. h4
f3+ 47. Kf2 Kf4 48. a5 Ke4 49. Kg1 Ke3 50. Kf1 f2 51. b5 Kf3 52. b6 Kg3 53. Ke2
Kg2 0-1

[Event "XII Open"]
[Site "Crema ITA"]
[Date "2010.09.05"]
[Round "4"]
[White "Acunzo, Domenico"]
[Black "Rizzi, Pietro"]
[Result "1/2-1/2"]
[WhiteElo "1802"]
[BlackElo "1579"]
[PlyCount "93"]
[EventDate "2010.09.03"]

1. e4 c6 2. d4 d5 3. exd5 cxd5 4. c4 Nf6 5. Nc3 e6 6. Nf3 Be7 7. Bd3 O-O 8. O-O
dxc4 9. Bxc4 Nc6 10. Bb3 Nd5 11. a3 b6 12. Re1 Bb7 13. Bc2 Re8 14. Ne4 Nf6 15.
Qd3 Nxe4 16. Rxe4 g6 17. Bh6 Na5 18. Rg4 Bxf3 19. Qxf3 Bd6 20. Qh3 Qc7 21. Bd3
f5 22. Rc1 fxg4 23. Rxc7 gxh3 24. Rg7+ Kh8 25. Rd7 Bf8 26. Bg5 Bg7 27. gxh3 h6
28. Be7 Nc6 29. Bh4 Kh7 30. Bf6 Rg8 31. Be4 Raf8 32. Bxg7 Rxg7 33. Bxc6 Rxd7
34. Bxd7 Rd8 35. Bxe6 Rxd4 36. Kg2 Kg7 37. Kg3 Kf6 38. Bc8 a5 39. Ba6 Rd2 40.
b3 Ke5 41. a4 Rb2 42. Bc4 Kf6 43. h4 Rd2 44. h3 Rd1 45. Kf3 Rh1 46. Kg2 Re1 47.
Kf3 1/2-1/2

[Event "XII Open"]
[Site "Crema ITA"]
[Date "2010.09.05"]
[Round "4"]
[White "Attuati, Stefano"]
[Black "Guglielmetti, Oscar"]
[Result "1-0"]
[WhiteElo "1930"]
[BlackElo "1779"]
[PlyCount "35"]
[EventDate "2010.09.03"]

1. e4 g6 2. d4 d6 3. Nc3 Nf6 4. Be3 Bg7 5. f3 O-O 6. Qd2 Nbd7 7. O-O-O c6 8.
Bh6 b5 9. Kb1 Qa5 10. h4 b4 11. Nce2 Bxh6 12. Qxh6 Qh5 13. Qd2 Qa5 14. h5 g5
15. h6 Nb6 16. e5 Be6 17. Qxg5+ Kh8 18. Qg7# 1-0

[Event "XII Open"]
[Site "Crema ITA"]
[Date "2010.09.05"]
[Round "4"]
[White "Baccarin, Stefano"]
[Black "Cambieri, Mario"]
[Result "1-0"]
[WhiteElo "1794"]
[BlackElo "1889"]
[PlyCount "57"]
[EventDate "2010.09.03"]

1. e4 d5 2. exd5 Nf6 3. d4 e6 4. dxe6 Bxe6 5. Nf3 g6 6. Bd3 Bg7 7. c3 O-O 8.
O-O Nc6 9. Bg5 h6 10. Bh4 Ne7 11. Nbd2 Nf5 12. Bg3 Nxg3 13. fxg3 c5 14. Qc2
cxd4 15. Nxd4 Ng4 16. Nxe6 fxe6 17. Rxf8+ Bxf8 18. Ne4 Qb6+ 19. Kh1 Rd8 20. h3
Qe3 21. Rd1 Rxd3 22. Qxd3 Qxe4 23. hxg4 Qxg4 24. Qf3 Qg5 25. Rd7 Be7 26. Rxb7
h5 27. Qf4 Qc5 28. Qc7 Qxc7 29. Rxc7 1-0

[Event "XII Open"]
[Site "Crema ITA"]
[Date "2010.09.05"]
[Round "4"]
[White "Bocci, Alessandro"]
[Black "Carbone, Lorenzo"]
[Result "1-0"]
[WhiteElo "1965"]
[BlackElo "1695"]
[PlyCount "77"]
[EventDate "2010.09.03"]

1. d4 d5 2. c4 e6 3. Nc3 Nf6 4. cxd5 exd5 5. Bg5 Be7 6. e3 O-O 7. Bd3 b6 8. Rc1
Bb7 9. Nf3 h6 10. Bf4 Nbd7 11. O-O a6 12. Bb1 c5 13. dxc5 Nxc5 14. Nd4 Nce4 15.
Nxe4 dxe4 16. Rc7 Bd5 17. Nc6 Bxc6 18. Rxc6 Rc8 19. Qxd8 Rfxd8 20. Rxb6 Rd2 21.
Be5 Rcd8 22. Bxf6 Bxf6 23. Bxe4 a5 24. Ra6 Rxb2 25. Rxa5 g5 26. a4 Rdd2 27. Ra6
Kg7 28. Bc6 Rd6 29. Bb5 Rdd2 30. Ra7 Rd8 31. Bc4 Rf8 32. a5 Rb4 33. Be2 Rb2 34.
Bh5 Rbb8 35. Rd1 Bc3 36. g3 Rb5 37. a6 Rb6 38. Rdd7 Rf6 39. Rxf7+ 1-0

[Event "XII Open"]
[Site "Crema ITA"]
[Date "2010.09.05"]
[Round "4"]
[White "Bonazzi, Edoardo"]
[Black "Astengo, Marcello"]
[Result "1-0"]
[WhiteElo "2188"]
[BlackElo "2064"]
[PlyCount "91"]
[EventDate "2010.09.03"]

1. Nf3 d5 2. c4 d4 3. g3 c5 4. b4 Nc6 5. b5 Nb8 6. e3 Bg4 7. Bg2 f6 8. exd4
cxd4 9. O-O e5 10. Re1 Be7 11. d3 Nd7 12. h3 Bh5 13. Nbd2 Nh6 14. Nb3 O-O 15.
Bxh6 gxh6 16. Qd2 Kg7 17. Nfxd4 exd4 18. Nxd4 Kh8 19. Qxh6 Bb4 20. Qxh5 Bxe1
21. Rxe1 Ne5 22. Ne6 Qe7 23. Nxf8 Rxf8 24. Re3 Qd7 25. Rxe5 fxe5 26. Qxe5+ Qg7
27. Qxg7+ Kxg7 28. Bxb7 Kf6 29. f4 Ke6 30. Kf2 Kd6 31. Be4 h6 32. a4 Kc5 33. a5
Kb4 34. b6 a6 35. b7 Kxa5 36. c5 Kb5 37. c6 Kb6 38. Ke3 Kc7 39. Kd4 h5 40. f5
Rd8+ 41. Kc5 Rg8 42. g4 hxg4 43. hxg4 Rxg4 44. Bd5 Rf4 45. b8=Q+ Kxb8 46. Kd6
1-0

[Event "XII Open"]
[Site "Crema ITA"]
[Date "2010.09.05"]
[Round "4"]
[White "Carrai, Giacomo"]
[Black "Adami, Alessandro"]
[Result "1-0"]
[WhiteElo "1860"]
[BlackElo "1675"]
[PlyCount "63"]
[EventDate "2010.09.03"]

1. d4 f5 2. Nf3 Nf6 3. g3 g6 4. Bg2 Bg7 5. O-O O-O 6. c4 d6 7. Nc3 c6 8. d5 c5
9. Qc2 Na6 10. Nd2 Nc7 11. b3 Qe8 12. Bb2 Kh8 13. a3 Rb8 14. Ra2 Bd7 15. b4 b6
16. Qc1 e5 17. dxe6 Nxe6 18. e3 Bc6 19. Nd5 Bxd5 20. cxd5 Nc7 21. Nc4 Qd7 22.
Rd1 Nfe8 23. Qa1 Bxb2 24. Qxb2+ Qg7 25. bxc5 Qxb2 26. Rxb2 dxc5 27. d6 Rd8 28.
Rbd2 Nb5 29. Rd3 Rf6 30. Bc6 Rfxd6 31. Nxd6 Rxd6 32. Bxb5 1-0

[Event "XII Open"]
[Site "Crema ITA"]
[Date "2010.09.05"]
[Round "4"]
[White "Casale, Anania"]
[Black "Quagliarella, Sabino Remo"]
[Result "0-1"]
[WhiteElo "1732"]
[BlackElo "1937"]
[PlyCount "100"]
[EventDate "2010.09.03"]

1. d4 Nf6 2. c4 c5 3. d5 b5 4. cxb5 a6 5. e3 axb5 6. Bxb5 Qa5+ 7. Nc3 Bb7 8.
Bc4 g6 9. Nge2 Ne4 10. O-O Nd6 11. b3 Bg7 12. Bd2 Qd8 13. Rc1 O-O 14. Na4 Nxc4
15. Rxc4 d6 16. e4 Nd7 17. Rc2 Ba6 18. Be3 f6 19. Re1 Bh8 20. Ng3 Ne5 21. Bd2
Bg7 22. Bc3 Bb5 23. Bxe5 fxe5 24. Nc3 Bd7 25. h4 h5 26. Qd3 Rf4 27. Re3 Rxh4
28. Nf1 Bh6 29. g3 Rh3 30. f4 exf4 31. gxf4 Rh4 32. Rg2 Qe8 33. e5 dxe5 34.
Rxg6+ Bg7 35. fxe5 Rd4 36. Qc2 Bg4 37. Nh2 Qf7 38. Nxg4 Rxg4+ 39. Rxg4 hxg4 40.
Qe4 Rf8 41. Qg2 Qf4 42. Rg3 Qxe5 43. Qh2 Qd4+ 44. Kh1 Rf1+ 45. Rg1 Rxg1+ 46.
Qxg1 Qxg1+ 47. Kxg1 Bxc3 48. Kg2 Kf7 49. Kg3 Kf6 50. Kxg4 Ke5 0-1

[Event "XII Open"]
[Site "Crema ITA"]
[Date "2010.09.05"]
[Round "4"]
[White "Cattaneo, Dario"]
[Black "Biava, Pierluigi"]
[Result "1/2-1/2"]
[WhiteElo "1599"]
[BlackElo "1765"]
[PlyCount "39"]
[EventDate "2010.09.03"]

1. d4 Nf6 2. Nf3 b6 3. c4 e6 4. Nc3 Bb4 5. Bd2 Bb7 6. e3 O-O 7. Be2 c5 8. a3
Bxc3 9. Bxc3 Ne4 10. O-O Nxc3 11. bxc3 Nc6 12. Qc2 d6 13. d5 Na5 14. e4 e5 15.
Rab1 Ba6 16. Nd2 Qg5 17. Nf3 Qg6 18. Nd2 Qg5 19. Nf3 Qg6 20. Nd2 1/2-1/2

[Event "XII Open"]
[Site "Crema ITA"]
[Date "2010.09.05"]
[Round "4"]
[White "Cautiero, Pietro"]
[Black "Cecchini, Massimo S."]
[Result "1-0"]
[WhiteElo "1686"]
[BlackElo "1805"]
[PlyCount "89"]
[EventDate "2010.09.03"]

1. Nf3 d5 2. g3 Nf6 3. Bg2 Nbd7 4. O-O e6 5. d3 b6 6. Nbd2 Bb7 7. Re1 Nc5 8. c3
Bd6 9. b4 Ncd7 10. e4 dxe4 11. dxe4 Be7 12. Qc2 c5 13. b5 O-O 14. Bb2 Rc8 15.
c4 Re8 16. e5 Bxf3 17. Bxf3 Nxe5 18. Bxe5 Bd6 19. Bxd6 Qxd6 20. Ne4 Nxe4 21.
Bxe4 g6 22. Rad1 Qe7 23. Bc6 Red8 24. Rxd8+ Rxd8 25. Rd1 Rd4 26. Rxd4 cxd4 27.
f4 Qc5 28. Qd3 a5 29. a3 Kf8 30. Kg2 Ke7 31. g4 Kf6 32. a4 Ke7 33. Bf3 h6 34.
h4 Kf6 35. Be2 Ke7 36. Qe4 Kf8 37. Qe5 Qxe5 38. fxe5 Ke7 39. Kf3 f6 40. Ke4 f5+
41. gxf5 exf5+ 42. Kxd4 Ke6 43. c5 bxc5+ 44. Kxc5 Kxe5 45. b6 1-0

[Event "XII Open"]
[Site "Crema ITA"]
[Date "2010.09.05"]
[Round "4"]
[White "Cervini, Ernesto"]
[Black "Distratis, Gianluca"]
[Result "1-0"]
[WhiteElo "1833"]
[BlackElo "1954"]
[PlyCount "65"]
[EventDate "2010.09.03"]

1. d4 Nf6 2. c4 c5 3. d5 b5 4. cxb5 a6 5. b6 Bb7 6. Nc3 d6 7. e4 g6 8. f4 Nbd7
9. Nf3 Nxb6 10. a4 a5 11. Be2 Bg7 12. O-O O-O 13. Qc2 e6 14. dxe6 fxe6 15. e5
Nfd5 16. Ng5 Qe7 17. exd6 Qxd6 18. Nb5 Qe7 19. Bd2 Nb4 20. Bxb4 cxb4 21. Rae1
Rac8 22. Qb3 Bd5 23. Qh3 Bxb2 24. Bg4 Rf5 25. Bxf5 gxf5 26. Nd6 Rc7 27. Nxf5
Qc5+ 28. Kh1 Qc6 29. Nxe6 Qc3 30. Qg4+ Rg7 31. Nexg7 Kh8 32. Re8+ Bg8 33. Nh6
1-0

[Event "XII Open"]
[Site "Crema ITA"]
[Date "2010.09.05"]
[Round "4"]
[White "Christen, Peter Walter"]
[Black "Pinna, Ferdinando"]
[Result "0-1"]
[WhiteElo "1544"]
[BlackElo "1858"]
[PlyCount "70"]
[EventDate "2010.09.03"]

1. e4 c5 2. Na3 Nc6 3. Bb5 Qc7 4. d3 g6 5. c3 Bg7 6. f4 e6 7. Nf3 Nge7 8. O-O
a6 9. Bxc6 Qxc6 10. Nc2 O-O 11. Qe1 b6 12. Qh4 Re8 13. Ne5 Qc7 14. Ne3 f5 15.
Nf3 d6 16. g4 Qd8 17. Bd2 Rf8 18. gxf5 gxf5 19. exf5 Nxf5 20. Qxd8 Rxd8 21.
Nxf5 exf5 22. Kf2 Re8 23. Rae1 Bd7 24. Rg1 Rxe1 25. Rxe1 Re8 26. Rxe8+ Bxe8 27.
d4 Bc6 28. dxc5 Bxf3 29. Kxf3 dxc5 30. Be3 Kf7 31. a3 Ke6 32. Ke2 Kd5 33. Kf3
Kc4 34. Ke2 Kb3 35. Bc1 Kc2 0-1

[Event "XII Open"]
[Site "Crema ITA"]
[Date "2010.09.05"]
[Round "4"]
[White "Cocconcelli, Lorenzo"]
[Black "Scotti, Luigi"]
[Result "1-0"]
[WhiteElo "1809"]
[BlackElo "1592"]
[PlyCount "67"]
[EventDate "2010.09.03"]

1. d4 d6 2. c4 e5 3. dxe5 dxe5 4. Qxd8+ Kxd8 5. Nc3 Be6 6. b3 c6 7. Bb2 Nd7 8.
O-O-O f6 9. e3 Nh6 10. h3 Kc7 11. Bd3 f5 12. Nge2 Nc5 13. Bb1 Be7 14. Nd5+ cxd5
15. cxd5 Rhg8 16. Bxe5+ Bd6 17. Bxd6+ Kxd6 18. dxe6+ Kxe6 19. Nf4+ Kf7 20. Rd5
Rac8 21. Kb2 g6 22. Rhd1 a5 23. Nd3 Ne4 24. Ne5+ Ke6 25. Bxe4 fxe4 26. Rd6+ Ke7
27. Nc4 Rgf8 28. R1d2 a4 29. Rd7+ Ke8 30. Rxh7 Nf7 31. Rd4 Ng5 32. Nd6+ Kd8 33.
Nf5+ Ke8 34. Re7# 1-0

[Event "XII Open"]
[Site "Crema ITA"]
[Date "2010.09.05"]
[Round "4"]
[White "Epitome, Nando"]
[Black "Lanni, Vincenzo"]
[Result "1/2-1/2"]
[WhiteElo "1607"]
[BlackElo "1817"]
[PlyCount "131"]
[EventDate "2010.09.03"]

1. d4 g6 2. c4 Bg7 3. Nc3 d6 4. e4 Nf6 5. f3 c6 6. Be3 O-O 7. Bd3 Nbd7 8. Nge2
e5 9. d5 c5 10. O-O h6 11. a3 g5 12. b4 b6 13. Rb1 Re8 14. g3 Nf8 15. Kg2 Ng6
16. bxc5 bxc5 17. Qd2 Bd7 18. Rb3 Qc7 19. Rfb1 Reb8 20. Qb2 Rxb3 21. Qxb3 Bf8
22. a4 a6 23. Qb7 Ra7 24. Qxc7 Rxc7 25. Rb6 Bc8 26. Nc1 Nd7 27. Rb3 Be7 28. a5
Kg7 29. Na4 Rb7 30. Bd2 Rxb3 31. Nxb3 Bd8 32. Bc3 f6 33. Kf2 Kf7 34. Bd2 Kg7
35. Bf1 Bb7 36. Bh3 Ngf8 37. Ke3 Bc8 38. Bc3 Bc7 39. f4 Bd8 40. fxe5 fxe5 41.
Bf5 Kf6 42. g4 Ng6 43. Be1 Ne7 44. h4 Nxf5+ 45. exf5 Kg7 46. h5 Nf6 47. Kf3 Kf7
48. Nb6 Bxb6 49. axb6 Nd7 50. Ba5 Bb7 51. Nd2 Nf6 52. Ne4 Nxe4 53. Kxe4 Kf6 54.
Bc3 Ke7 55. Be1 a5 56. Kd3 a4 57. Kc2 Kf6 58. Kb2 Kf7 59. Ka3 Kf6 60. Kxa4 Kf7
61. Kb3 Kf6 62. Kc2 Kf7 63. Kd3 Kf6 64. Ke4 Kf7 65. Bf2 Ba6 66. Be3 1/2-1/2

[Event "XII Open"]
[Site "Crema ITA"]
[Date "2010.09.05"]
[Round "4"]
[White "Everet, Alexandro"]
[Black "Castrogiovanni, Carlo"]
[Result "1/2-1/2"]
[WhiteElo "2246"]
[BlackElo "2024"]
[PlyCount "32"]
[EventDate "2010.09.03"]

1. d4 Nf6 2. c4 c5 3. e3 g6 4. Nc3 cxd4 5. exd4 d5 6. c5 Nc6 7. Nf3 Bg7 8. h3
Ne4 9. Bd3 Qa5 10. Bd2 Nxd2 11. Qxd2 O-O 12. O-O Nxd4 13. Nxd4 Bxd4 14. Bxg6
Bxc3 15. Bxh7+ Kxh7 16. bxc3 Qxc5 1/2-1/2

[Event "XII Open"]
[Site "Crema ITA"]
[Date "2010.09.05"]
[Round "4"]
[White "Gagliardi, Christian"]
[Black "Stella, Andrea"]
[Result "1/2-1/2"]
[WhiteElo "2192"]
[BlackElo "2334"]
[PlyCount "33"]
[EventDate "2010.09.03"]

1. e4 e6 2. d4 d5 3. Nc3 Bb4 4. e5 c5 5. Bd2 Nh6 6. Nb5 Bxd2+ 7. Qxd2 O-O 8. f4
Nc6 9. Nf3 f6 10. c3 cxd4 11. cxd4 fxe5 12. dxe5 Nf5 13. Bd3 Qb6 14. Bxf5 Qxb5
15. Bd3 Qb6 16. g3 Bd7 17. Qf2 1/2-1/2

[Event "XII Open"]
[Site "Crema ITA"]
[Date "2010.09.05"]
[Round "4"]
[White "Galli, Fabrizio"]
[Black "Tedoldi, Guido"]
[Result "0-1"]
[WhiteElo "1472"]
[BlackElo "1678"]
[PlyCount "49"]
[EventDate "2010.09.03"]

1. d4 e6 2. e3 Nf6 3. Nf3 c5 4. c3 Nc6 5. Bd3 d5 6. Nbd2 Bd6 7. O-O O-O 8. Re1
c4 9. Bc2 Re8 10. e4 dxe4 11. Nxe4 Nxe4 12. Bxe4 Qc7 13. g3 Rf8 14. Ng5 f5 15.
Bc2 g6 16. Nxe6 Bxe6 17. Rxe6 Qd7 18. Qe2 b5 19. d5 Nd8 20. Bh6 Nxe6 21. Bxf8
Nxf8 22. b3 Re8 23. Qd1 Be5 24. bxc4 bxc4 25. Kg2 0-1

[Event "XII Open"]
[Site "Crema ITA"]
[Date "2010.09.05"]
[Round "4"]
[White "Gemelli, Giovanni"]
[Black "Chiaravalloti, Francesco"]
[Result "1/2-1/2"]
[WhiteElo "1500"]
[BlackElo "1500"]
[PlyCount "75"]
[EventDate "2010.09.03"]

1. e4 c5 2. Nf3 d6 3. d4 cxd4 4. Nxd4 Nf6 5. Nc3 e6 6. Bc4 Be7 7. Be3 O-O 8.
Qe2 a6 9. f3 Bd7 10. O-O-O Nc6 11. g4 b5 12. Bd3 Ne5 13. h4 Nxd3+ 14. Qxd3 b4
15. Nce2 e5 16. Nf5 Bxf5 17. exf5 e4 18. fxe4 Nxg4 19. h5 Nxe3 20. Qxe3 Bg5 21.
Nf4 Qe7 22. Kb1 Qe5 23. Rhf1 Rfe8 24. Rde1 Bh6 25. Rf3 Rac8 26. Qf2 Bxf4 27.
Rxf4 Rc4 28. f6 Qxh5 29. fxg7 Rcxe4 30. Rfxe4 Rxe4 31. b3 Rxe1+ 32. Qxe1 a5 33.
Qe7 Kxg7 34. Qxd6 Qg6 35. Qd4+ f6 36. Qa7+ Kh6 37. Qxa5 Qe4 38. Qb6 1/2-1/2

[Event "XII Open"]
[Site "Crema ITA"]
[Date "2010.09.05"]
[Round "4"]
[White "Giallombardo, Federico"]
[Black "Bertoletti, Vincenzo"]
[Result "1-0"]
[WhiteElo "1919"]
[BlackElo "1737"]
[PlyCount "79"]
[EventDate "2010.09.03"]

1. d4 d5 2. c4 c6 3. Nf3 dxc4 4. a4 b5 5. Nc3 e6 6. axb5 Bb4 7. bxc6 Nxc6 8. e3
Bxc3+ 9. bxc3 Qd5 10. Qa4 Nge7 11. Bxc4 Qd7 12. Bb5 O-O 13. Ne5 Qc7 14. Bxc6
Nxc6 15. Qxc6 Qb7 16. Qxb7 Bxb7 17. f3 f6 18. Nd7 Rfd8 19. Nc5 Bd5 20. Ra4 Kf7
21. O-O a5 22. Bb2 Bc6 23. Ra2 Rab8 24. c4 a4 25. Ba3 h6 26. Kf2 g6 27. Ke2 f5
28. Kd2 g5 29. Kc2 Rb3 30. Bc1 Rb4 31. Kc3 Rb1 32. Nd3 Rb3+ 33. Kc2 Bd7 34. Nc5
Bc6 35. Rb2 Ke7 36. Rxb3 axb3+ 37. Kc3 Kd6 38. Nxb3 Be8 39. Ba3+ Kc6 40. Bc5
1-0

[Event "XII Open"]
[Site "Crema ITA"]
[Date "2010.09.05"]
[Round "4"]
[White "Guidi, Giacomo G."]
[Black "Guasconi, Lelio"]
[Result "1-0"]
[WhiteElo "1942"]
[BlackElo "1482"]
[PlyCount "121"]
[EventDate "2010.09.03"]

1. Nf3 Nf6 2. g3 b6 3. Bg2 Bb7 4. d3 d6 5. c4 e6 6. Nc3 Be7 7. O-O a6 8. d4 Qd7
9. Qc2 c5 10. e4 cxd4 11. Nxd4 Nc6 12. Be3 Ng4 13. Qe2 Nxe3 14. Qxe3 O-O 15.
Nde2 Qc7 16. b3 Bf6 17. Rad1 Rad8 18. Rd2 Rd7 19. Rfd1 Rfd8 20. Kh1 Ne5 21. h3
h6 22. Ng1 Nc6 23. f4 Ne7 24. Na4 Nc8 25. Nf3 Bc6 26. Nc3 Qb7 27. Nd4 e5 28.
Nxc6 Qxc6 29. Nd5 Be7 30. h4 Qc5 31. Qxc5 bxc5 32. fxe5 Kf8 33. Bh3 Rb7 34. Ne3
Rb6 35. Bxc8 Rxc8 36. exd6 Bf6 37. d7 Rd8 38. Nd5 Re6 39. Nxf6 gxf6 40. Rd5 Ke7
41. Rxc5 Rxd7 42. Rxd7+ Kxd7 43. Ra5 Kc7 44. Kg2 Kb6 45. Rd5 Kc6 46. Kf3 Re8
47. Rh5 Re6 48. Rxh6 Kc5 49. Rh8 Kd4 50. h5 Re5 51. g4 Rg5 52. h6 Kc3 53. c5
Rxc5 54. h7 Kb2 55. Rd8 Kxa2 56. h8=Q Rc3+ 57. Ke2 Rxb3 58. Rd2+ Ka3 59. Qxf6
Rb4 60. Qxa6+ Ra4 61. Ra2+ 1-0

[Event "XII Open"]
[Site "Crema ITA"]
[Date "2010.09.05"]
[Round "4"]
[White "Guidi, Paolo"]
[Black "Peschechera, Francesco"]
[Result "1-0"]
[WhiteElo "1884"]
[BlackElo "1704"]
[PlyCount "87"]
[EventDate "2010.09.03"]

1. Nf3 d5 2. d4 e6 3. e3 Nf6 4. Bd3 Bd6 5. Nbd2 O-O 6. O-O Nbd7 7. e4 dxe4 8.
Nxe4 Nxe4 9. Bxe4 Nf6 10. Bd3 b6 11. Bg5 Bb7 12. Re1 c5 13. c3 cxd4 14. Nxd4
Bc7 15. Nf3 Qe7 16. Qe2 Rad8 17. Rad1 Rd6 18. Nd4 Rd5 19. Nf5 Bxh2+ 20. Kxh2
Qc7+ 21. Kg1 exf5 22. Bxf6 gxf6 23. Qh5 Qc6 24. f3 Qc5+ 25. Kh1 Rfd8 26. Bxf5
Rxf5 27. Qg4+ Rg5 28. Rxd8+ Kg7 29. Qd4 Rh5+ 30. Kg1 Qc7 31. Qd6 Qc4 32. Ree8
Qh4 33. Rg8+ Kh6 34. Qd2+ Rg5 35. Rxg5 fxg5 36. Rd6+ f6 37. Rxf6+ Kg7 38. Rd6
Kf8 39. Rd8+ Kf7 40. Rd7+ Kg6 41. Rxb7 Qc4 42. Rd7 Qxa2 43. g4 Kf6 44. Qd6+ 1-0

[Event "XII Open"]
[Site "Crema ITA"]
[Date "2010.09.05"]
[Round "4"]
[White "Guzzetti, Luigi Enrico"]
[Black "Agnelli, Francesco"]
[Result "1/2-1/2"]
[WhiteElo "1878"]
[BlackElo "2044"]
[PlyCount "106"]
[EventDate "2010.09.03"]

1. e4 c5 2. Nf3 Nc6 3. d4 cxd4 4. Nxd4 Nf6 5. Nc3 e5 6. Nb3 Bb4 7. Bc4 O-O 8.
Bd5 a5 9. O-O a4 10. Nd2 d6 11. Nc4 a3 12. Nb5 axb2 13. Bxb2 Bg4 14. f3 Bh5 15.
Kh1 Bc5 16. Bxc6 bxc6 17. Nbxd6 Nd7 18. Nb7 Qe7 19. Nxc5 Qxc5 20. Qxd7 Qxc4 21.
Qd3 Qe6 22. a4 Rfb8 23. Bc3 Rd8 24. Qe2 f6 25. a5 Bf7 26. h3 Qe8 27. Rfd1 Rdc8
28. Rd6 Be6 29. Qe3 c5 30. Rb1 Qf7 31. Rbb6 Bc4 32. Qd2 h6 33. Rd7 Qg6 34. Rbd6
Qg3 35. Rd8+ Rxd8 36. Rxd8+ Rxd8 37. Qxd8+ Kh7 38. Qd7 Bf1 39. Qd2 Bb5 40. Kg1
f5 41. Qf2 Qg5 42. Qxc5 Qc1+ 43. Kh2 Qf4+ 44. Kh1 Qc1+ 45. Qg1 Qxc2 46. Bxe5
fxe4 47. fxe4 Bc6 48. Qa7 Qc1+ 49. Kh2 Qg5 50. Qd4 Qg6 51. a6 Bxe4 52. Qf2 Qxa6
53. Qf7 Qb7 1/2-1/2

[Event "XII Open"]
[Site "Crema ITA"]
[Date "2010.09.05"]
[Round "4"]
[White "Lucchese, Paolo"]
[Black "Adami, Antonio"]
[Result "1-0"]
[WhiteElo "1917"]
[BlackElo "1686"]
[PlyCount "69"]
[EventDate "2010.09.03"]

1. e4 c5 2. Nf3 d6 3. d4 cxd4 4. Nxd4 Nf6 5. Nc3 a6 6. Bg5 e6 7. f4 Be7 8. Qf3
Qc7 9. O-O-O b5 10. Bxb5+ axb5 11. e5 Bb7 12. Ndxb5 Bxf3 13. Nxc7+ Kd7 14. Nxa8
Bxd1 15. Rxd1 Nd5 16. Nxd5 exd5 17. Nb6+ Kc6 18. Bxe7 Kxb6 19. Bxd6 Kc6 20. Rd3
Re8 21. Rc3+ Kd7 22. Rc7+ Ke6 23. g4 g6 24. f5+ gxf5 25. gxf5+ Kxf5 26. Rxf7+
Kg6 27. Rf6+ Kg7 28. Bxb8 Rxb8 29. Rd6 Rb5 30. a4 Ra5 31. Rd7+ Kg6 32. b3 d4
33. Re7 Rd5 34. Kd2 Kf5 35. Rxh7 1-0

[Event "XII Open"]
[Site "Crema ITA"]
[Date "2010.09.05"]
[Round "4"]
[White "Madaschi, Sergio"]
[Black "Vecchio, Paolo L."]
[Result "1-0"]
[WhiteElo "1587"]
[BlackElo "1368"]
[PlyCount "65"]
[EventDate "2010.09.03"]

1. e4 e6 2. d4 d5 3. Nd2 Bb4 4. c3 Ba5 5. Ngf3 c6 6. Bd3 b5 7. O-O Nd7 8. Re1
Ndf6 9. e5 Nh5 10. Nb3 Bc7 11. g4 Nh6 12. gxh5 Ng4 13. Bg5 f6 14. Bh4 g5 15.
Bg3 fxe5 16. Nxe5 Rf8 17. Qxg4 Qf6 18. Bxh7 Bd7 19. Bg6+ Ke7 20. Nc5 Be8 21.
Bxe8 Raxe8 22. Ng6+ Kd8 23. Bxc7+ Kxc7 24. Nxf8 Qxf8 25. Nxe6+ Kb6 26. Nxf8
Rxf8 27. Qxg5 a5 28. Re7 Rf3 29. Qg7 b4 30. Rb7+ Ka6 31. Ra7+ Kb5 32. Qb7+ Kc4
33. Qa6# 1-0

[Event "XII Open"]
[Site "Crema ITA"]
[Date "2010.09.05"]
[Round "4"]
[White "Mansueti, Marco"]
[Black "Pace, Roberto"]
[Result "1/2-1/2"]
[WhiteElo "1872"]
[BlackElo "1984"]
[PlyCount "115"]
[EventDate "2010.09.03"]

1. e4 c5 2. Nf3 d6 3. d4 cxd4 4. Nxd4 Nf6 5. Nc3 a6 6. Be2 e6 7. Be3 Be7 8. O-O
Qc7 9. f4 Nbd7 10. Qd2 b5 11. Bf3 Bb7 12. b4 Rc8 13. Nde2 O-O 14. Rab1 Nb6 15.
Qd3 Rfd8 16. Rfd1 d5 17. e5 Ne4 18. Bd4 Nxc3 19. Qxc3 Nc4 20. Qd3 Bc6 21. c3
Ra8 22. f5 Nxe5 23. Bxe5 Qxe5 24. fxe6 fxe6 25. Nd4 Bd7 26. Re1 Qf6 27. Re3 Bd6
28. Rbe1 Bf4 29. R3e2 Rac8 30. Nxe6 Rxc3 31. Qxd5 Bxe6 32. Rxe6 Rxd5 33. Re8+
Kf7 34. Bxd5+ Kg6 35. R8e6 Be3+ 36. Kh1 Qxe6 37. Bxe6 Kf6 38. Bd5 Ke5 39. Bb7
Ra3 40. Bxa6 Rxa6 41. Rxe3+ Kd4 42. Re7 Rxa2 43. h4 g6 44. Rxh7 Kc4 45. Rh6 Ra6
46. h5 Ra1+ 47. Kh2 gxh5 48. Rxh5 Kxb4 49. g4 Kc4 50. g5 b4 51. Rh3 Ra8 52.
Rh4+ Kc3 53. Kg3 Rg8 54. Rg4 b3 55. Kf4 b2 56. Rg3+ Kb4 57. Rg1 Ka3 58. Kf5
1/2-1/2